000 01449nam a2200301 4500
003 EC-UNACH
005 20241028124115.0
006 s||||gr|||| 00| 00
008 150116t9999 mx r gr 000 0 spa d
020 _a978-84-1364-096-9
040 _aEC-UNACH
_cEC-UNACH
041 _aspa
082 0 4 _223
_a340
_bL016662
100 _aNoguera Fernández, Albert.
245 _aEl asalto a las fronteras del Derecho.
250 _aPrimera Edición.
264 _aMadrid, España.
_bEditorial Trotta, S.A.
_c2023
300 _a181 páginas.
_c23 centímetros.
505 _aIncluye: Incluye: Tomar el poder y transformar no es hoy Ni más ni menos difícil que ayer.-- El asalto al estado: La revolución como mecanismo de toma del Poder y transformación propio del constitucionalismo.-- Las dos generaciones de pluralismo jurídico y el cambio de modo histórico de juridificación El surgimiento de la ciudad global.-- El asalto en las instituciones de gobernanza mundial. Puede existir un constitucionalismo global democrático?.-- Fronterismo: El asalto a las fronteras del derecho. Revolución y poder Constituyente en la era de la ciudad global. Referencias.
650 _aCAPITALISMO INDUSTRIAL
650 _aCONSTITUCIONALISMO
650 _aTRANSFORMACIÓN SOCIAL
942 _2ddc
_c1
999 _c13451